[Event "Top 12 FRA-chT 2017"]
[Site "Chartres"]
[Date "2017.05.22"]
[Round "5"]
[White "Youssoupov, Moisse"]
[Black "Palac, Mladen"]
[Result "0-1"]
[WhiteElo "2233"]
[BlackElo "2573"]
[Annotator "TA"]
[PlyCount "96"]
[EventDate "2017.??.??"]
[EventType "team-tourn"]
[EventCountry "FRA"]
[SourceTitle "playchess.com"]
[Source "ChessBase"]
[SourceQuality "1"]
[WhiteTeam "Montpellier"]
[BlackTeam "Nice Alekhine"]

{[%evp 9,96,0,0,0,4,-1,-19,-26,-1,-15,-10,-12,-12,-17,-3,-19,-20,-12,-22,-22,-21,-42,-34,-57,-48,-51,-52,-40,-42,-35,-19,-29,-22,-22,-18,-22,-20,-36,-29,-31,-32,-25,-2,-8,0,0,2,-46,0,-354,0,-317,-320,-311,-315,-477,-411,-460,-444,-475,-457,-502,-486,-734,-748,-988,-988,-947,-937,-952,-941,-1249,-696,-1058,-1036,-1158,-1150,-1475,-1372,-1372,-1712,-1548,-1542,-1360,-1165,-29989,-29990,-29997,-29998]} 1. d4 d5 2. Bf4 c5 3. e3 cxd4 4. exd4 Nc6 5. c3 Bf5 6. Nd2 {B13: Caro-Kann: Exchange Variation and Panov-Botvinnik Attack} e6 7. Qb3 Qd7 8. Ngf3 {The position is equal.} Nge7 9. Ne5 Nxe5 10. Bxe5 Nc6 11. Bg3 h5 $146 ({Predecessor:} 11... Bd6 12. Bxd6 Qxd6 13. Be2 {½-½ (67) Sveshnikov,E (2487)-Macieja,B (2639) Warsaw 2010}) 12. h4 Bd6 13. Bxd6 Qxd6 14. Be2 O-O-O 15. Qa4 Kb8 16. g3 f6 17. O-O-O e5 {Hoping for ...Nxd4!} 18. Nb3 {[%cal Bd2b3,Bb3c5,Bc5a6,Ba6b4,Bb4c2,Bc2e3][%mdl 32]} Rc8 19. Qb5 e4 20. a3 Ka8 21. Qc5 Qd8 22. Qb5 g6 23. Nc5 {[%csl Gc5][%cal Rb5b7]} b6 24. Na6 Qd6 25. Nb4 Ne7 26. Nc2 a5 27. Ne3 Bd7 $36 {[%mdl 2048] Black is pushing.} 28. Qa6+ Kb8 29. Bb5 $2 {[%mdl 8192] [#]} (29. Kb1 $11) 29... Be6 $2 ({Black should play} 29... Rxc3+ $1 $19 {[%mdl 512]} 30. bxc3 Bc8 31. Qxc8+ Rxc8) 30. a4 $2 {[%mdl 8192] [#]} (30. Ba4 $11 {and White has nothing to worry.}) 30... Rxc3+ $1 $19 {[%mdl 512]} 31. bxc3 Bc8 32. Kd2 (32. Kb2 {is a better defense.}) 32... Bxa6 33. Bxa6 Ka7 34. Bb5 Nf5 35. Nxf5 gxf5 36. Ke3 (36. Kc2 $142) 36... Rg8 37. Be2 {[#]} f4+ $1 38. gxf4 Qa3 39. Rc1 Qb2 40. f5 Rc8 41. c4 dxc4 {[%cal Bd5c4,Bc4c3][%mdl 32]} 42. Rhg1 c3 {Strongly threatening ...Qd2+.} 43. Bxh5 Qd2+ 44. Kxe4 Rd8 45. Kf3 Qd3+ 46. Kg2 Qxf5 {( -> ...Rg8+)} 47. Be2 Rg8+ 48. Kf1 Qh3+ {Precision: White = 44%, Black = 72%.} 0-1

[Event "Top 12 FRA-chT 2017"]
[Site "Chartres"]
[Date "2017.05.22"]
[Round "5"]
[White "Frih, Ameur"]
[Black "Riff, Jean-Noel"]
[Result "0-1"]
[WhiteElo "2225"]
[BlackElo "2476"]
[Annotator "TA"]
[PlyCount "50"]
[EventDate "2017.??.??"]
[EventType "team-tourn"]
[EventCountry "FRA"]
[SourceTitle "playchess.com"]
[Source "ChessBase"]
[SourceQuality "1"]
[WhiteTeam "Bois-Colombes"]
[BlackTeam "Mulhouse Philidor"]

{[%evp 11,50,0,4,2,4,6,13,2,47,-23,0,-62,-52,-72,-60,-72,-78,-67,-50,-66,-72,-85,-30,-78,-75,-91,-104,-131,-183,-136,-125,-118,-117,-158,-81,-275,-266,-652,-682,-652,-629]} 1. Nf3 d5 2. g3 g6 3. Bg2 Bg7 4. d4 Nh6 5. c4 dxc4 6. Qa4+ {D02: 1 d4 d5 2 Nf3 sidelines, including 2...Nf6 3 g3 and 2...Nf6 3 Bf4} c6 {LiveBook: 3 Games} 7. Qxc4 Nf5 8. e3 $1 {The position is equal.} O-O (8... b6 {seems wilder.}) 9. O-O a5 $146 (9... Nd6 $5 {[%cal Rd6c4]} 10. Qe2 Bg4 $11) ({Predecessor:} 9... Nd7 10. Nc3 e5 11. dxe5 Nxe5 12. Nxe5 Bxe5 13. Rd1 {½-½ (47) Fressinet,L (2712)-Edouard,R (2627) Calvi 2015}) 10. a4 (10. Qc2 $14) 10... Na6 $11 11. Nc3 (11. Qe2 $11) 11... Nb4 12. Qe2 b6 $36 {[%mdl 2048] Black has the initiative.} 13. Rd1 Ba6 14. Qd2 Rc8 15. Na2 c5 16. Nxb4 axb4 (16... cxb4 $17 17. d5 Nd6) 17. Bh3 e6 18. Qe1 {Black should prevent dxc5.} Qc7 19. b3 Bb7 20. Bg2 Bxf3 21. Bxf3 cxd4 {aiming for ...Qc2.} 22. e4 d3 (22... Qc3 $142 23. Qxc3 dxc3 24. exf5 c2) 23. Rb1 $2 {[#]} (23. exf5 $17 {was called for.} Bxa1 24. fxe6) 23... Nd4 $19 24. Rxd3 $2 (24. Kg2) 24... Qc2 $1 {[%csl LRb1,LRd3]} 25. Rxd4 Bxd4 {Precision: White = 39%, Black = 67%.} 0-1

[Event "Top 12 FRA-chT 2017"]
[Site "Chartres"]
[Date "2017.05.22"]
[Round "5"]
[White "Moucheroud, Jeremy"]
[Black "Lagarde, Maxime"]
[Result "0-1"]
[WhiteElo "2197"]
[BlackElo "2601"]
[Annotator "TA"]
[PlyCount "102"]
[EventDate "2017.??.??"]
[EventType "team-tourn"]
[EventCountry "FRA"]
[SourceTitle "playchess.com"]
[Source "ChessBase"]
[SourceQuality "1"]
[WhiteTeam "Montpellier"]
[BlackTeam "Nice Alekhine"]

{[%evp 13,102,51,62,24,46,20,30,27,44,14,25,0,0,11,4,-14,-11,-21,-9,-39,-22,-31,-23,-35,0,-34,-25,-36,-52,-53,-53,-47,-47,-32,-15,-21,-16,-33,-30,-68,-36,-17,66,39,72,22,49,51,51,40,56,50,41,-28,-16,-34,-18,-145,-154,-147,-141,-141,-129,-146,-146,-147,-134,-204,-38,-228,-205,-304,-206,-434,-415,-378,-252,-937,-900,-1713,-1332,-1952,-1739,-1753,-1595,-2142,-1996,-2786,-2426,-6632,-6814]} 1. e4 c5 2. Nf3 Nc6 3. d4 cxd4 4. Nxd4 Qb6 5. Nb3 Nf6 6. Nc3 e6 7. a3 a6 8. Be2 {B33: Sicilian: Pelikan and Sveshnikov Variations} (8. Bf4 Ne7 9. Qd2 Ng6 10. Bg3 Nh5 11. O-O-O Nxg3 12. hxg3 Qc7 13. f4 b5 14. Kb1 Rb8 15. Na2 Ne7 {0-1 (47) Idani,P (2560)-Ehlvest,J (2524) Guilan 2016}) 8... Qc7 9. f4 d6 10. O-O {White has an edge.} b5 11. Bf3 Bb7 12. Kh1 Be7 13. Be3 Nd7 $146 ({Predecessor:} 13... O-O 14. g4 Rfe8 15. g5 Nd7 16. Bg2 Rac8 17. Qh5 g6 18. Qh3 Bf8 19. Rad1 b4 20. axb4 Nxb4 21. Rd2 Nb6 {1-0 (39) Petrenko,S (2307)-Arzumanian,G (2448) Peterhof 2005}) 14. a4 b4 15. Ne2 {[%cal Bc3e2,Be2c1,Bc1d3,Bd3b4,Bb4a6,Ba6c7][%mdl 32]} O-O 16. Qe1 Nb6 17. Bxb6 Qxb6 18. a5 Qb5 19. Nec1 Qc4 20. Qe2 Qxe2 21. Bxe2 g5 22. Nd3 gxf4 23. Rxf4 Ne5 24. Nxb4 Bg5 (24... Ng6 $5 {[%cal Rg6f4]} 25. Rg4 Kh8 $11) 25. Rff1 Bxe4 26. Nxa6 Bxc2 27. Nd4 Bg6 (27... Rfc8 $11) 28. Nc7 $1 $14 {[%cal Rc7a8]} Rac8 $1 {[%cal Rc8c7]} 29. Ndb5 Be3 30. a6 Nc6 31. Rfc1 Nd4 32. Rc3 Bd2 33. Nxd4 ({Better is} 33. Nxe6 $14 Bxc3 34. Nxf8 Bxb2 35. Nxg6 hxg6 36. Rb1) 33... Bxc3 $11 34. Ndb5 $1 Bxb2 (34... Bd4 $5 35. a7 Bxa7 $1 {[%mdl 512]} 36. Rxa7 Rfd8 $15) 35. Ra2 {[#]} (35. Ra4 $1 $11 {was the only way to keep the balance.}) 35... Bd4 $1 $17 {[%cal Rd4b6][%mdl 512] Strongly threatening ...Bb6.} 36. a7 {[#]} (36. Nxd4 Rxc7) 36... Bxa7 $1 37. Rxa7 Rfd8 38. h4 h5 39. Kh2 d5 {[%cal Bd6d5,Bd5d4,Bd4d3][%mdl 32]} 40. Kg3 (40. Bf3 $17) 40... Rd7 $2 (40... d4 $19 {aiming for ...d3.} 41. Bd1 d3) 41. Kf4 $2 {[#]} (41. Bf3 $1 $15) 41... e5+ $1 $19 {[%mdl 512]} 42. Kg5 (42. Kf3 $142) (42. Kxe5 Re7+) 42... d4 43. g4 $2 (43. Bxh5 Bxh5 44. Kxh5) 43... d3 44. Bd1 hxg4 {[%cal Bh5g4,Bg4g3][%mdl 32]} 45. h5 $2 (45. Bxg4 d2 46. Ra1 Rdxc7 47. Nxc7 Rxc7 48. h5) 45... g3 {Threatens to win with ...g2.Black is clearly winning.} 46. Bb3 Be4 47. Kf6 d2 48. Ra1 Bf3 49. Bd1 e4 50. h6 Rdxc7 51. Nxc7 Rxc7 {Precision: White = 23%, Black = 48%.} 0-1

[Event "Top 12 FRA-chT 2017"]
[Site "Chartres"]
[Date "2017.05.22"]
[Round "5"]
[White "Choisy, Mathilde"]
[Black "Baldi, Valentine"]
[Result "0-1"]
[WhiteElo "2153"]
[BlackElo "1862"]
[Annotator "NA"]
[PlyCount "72"]
[EventDate "2017.??.??"]
[EventType "team-tourn"]
[EventCountry "FRA"]
[SourceTitle "playchess.com"]
[Source "ChessBase"]
[SourceQuality "1"]
[WhiteTeam "Mulhouse Philidor"]
[BlackTeam "Bois-Colombes"]
[TimeControl "40/5400+30:1800+30"]

1. e4 {[%emt 0:00:00]} e5 {[%emt 0:00:04]} 2. Nf3 {[%emt 0:00:00]} Nf6 {[%emt 0:00:04]} 3. Nxe5 {[%emt 0:00:25]} Nxe4 {[%emt 0:00:11]} 4. Qe2 {[%emt 0:02:58]} Qe7 {[%emt 0:00:14]} 5. Qxe4 {[%emt 0:02:09]} d6 {[%emt 0:00:15]} 6. d4 {[%emt 0:01:19]} dxe5 {[%emt 0:00:04]} 7. dxe5 {[%emt 0:04:46]} Nc6 {[%emt 0:00:42]} 8. Bb5 {[%emt 0:07:59]} Bd7 {[%emt 0:01:05]} 9. O-O {[%emt 0:04:41]} O-O-O {[%emt 0:06:33]} 10. Nc3 {[%emt 0:16:07]} Nxe5 {[%emt 0:18:43]} 11. Be3 {[%emt 0:14:27]} Bxb5 {[%emt 0:18:38]} 12. Nxb5 {[%emt 0:00:25]} a6 {[%emt 0:01:10]} 13. Nc3 {[%emt 0:07:31]} Qe6 {[%emt 0:09:30]} 14. Rad1 {[%emt 0:05:39]} Bd6 {[%emt 0:02:28]} 15. h3 {[%emt 0:01:57]} f5 {[%emt 0:07:09]} 16. Qd5 {[%emt 0:06:24]} Qe7 {[%emt 0:13:45]} 17. Qd4 {[%emt 0:08:58]} Nc6 {[%emt 0:03:29]} 18. Nd5 {[%emt 0:03:50]} Qf7 {[%emt 0:06:09]} 19. Qc4 {[%emt 0:02:07]} Kb8 {[%emt 0:01:27]} 20. Qa4 {[%emt 0:02:02]} h6 {[%emt 0:01:29]} 21. b4 {[%emt 0:04:23]} f4 {[%emt 0:01:08]} 22. Bc1 {[%emt 0:00:42]} f3 {[%emt 0:00:54]} 23. g3 {[%emt 0:01:15]} Qh5 {[%emt 0:01:41]} 24. Kh2 {[%emt 0:01:04]} Bxg3+ {[%emt 0:01:09]} 25. fxg3 {[%emt 0:00:04]} Rxd5 {[%emt 0:00:11]} 26. Rxd5 {[%emt 0:00:29]} Qxd5 {[%emt 0:00:01]} 27. Qb3 {[%emt 0:00:47]} Qe4 {[%emt 0:01:03]} 28. Qxf3 {[%emt 0:00:54]} Qxc2+ {[%emt 0:00:23]} 29. Qf2 {[%emt 0:00:26]} Qc4 {[%emt 0:00:46]} 30. a3 {[%emt 0:00:32]} Re8 {[%emt 0:00:07]} 31. Re1 {[%emt 0:00:28]} Ne5 32. Be3 {[%emt 0:00:18]} Qd5 {[%emt 0:03:35]} 33. Rf1 {[%emt 0:00:46]} g5 {[%emt 0:00:58]} 34. Bd4 Ka8 {[%emt 0:01:09]} 35. Qf7 {[%emt 0:00:58]} Nd3 {[%emt 0:00:31]} 36. Rf2 {[%emt 0:00:16]} Re2 {[%emt 0:00:11]} 0-1

[Event "Top 12 FRA-chT 2017"]
[Site "Chartres"]
[Date "2017.05.22"]
[Round "5"]
[White "De Seroux, Camille"]
[Black "Aflalo, Sophie"]
[Result "1-0"]
[WhiteElo "2117"]
[BlackElo "2135"]
[Annotator "NA"]
[PlyCount "79"]
[EventDate "2017.??.??"]
[EventType "team-tourn"]
[EventCountry "FRA"]
[SourceTitle "playchess.com"]
[Source "ChessBase"]
[SourceQuality "1"]
[WhiteTeam "Grasse Echecs"]
[BlackTeam "Tremblay-En-France"]
[TimeControl "40/5400+30:1800+30"]

1. e4 {[%emt 0:00:00]} c5 {[%emt 0:00:09]} 2. Nc3 {[%emt 0:00:00]} Nc6 {[%emt 0:00:15]} 3. Bb5 {[%emt 0:00:00]} Nd4 {[%emt 0:00:36]} 4. Nf3 {[%emt 0:01:03]} a6 {[%emt 0:01:52]} 5. Bc4 {[%emt 0:02:22]} Nf6 {[%emt 0:01:38]} 6. d3 {[%emt 0:12:43]} e6 {[%emt 0:00:41]} 7. O-O {[%emt 0:00:12]} d5 {[%emt 0:14:35]} 8. exd5 {[%emt 0:00:25]} exd5 {[%emt 0:00:22]} 9. Nxd5 {[%emt 0:00:28]} Nxd5 {[%emt 0:04:02]} 10. Nxd4 {[%emt 0:01:26]} cxd4 {[%emt 0:00:44]} 11. Qh5 {[%emt 0:00:14]} Be7 {[%emt 0:07:40]} 12. Qxd5 {[%emt 0:03:42]} O-O {[%emt 0:00:52]} 13. Qxd8 {[%emt 0:06:37]} Rxd8 {[%emt 0:00:06]} 14. Re1 {[%emt 0:02:01]} Bb4 {[%emt 0:00:42]} 15. Bg5 {[%emt 0:00:00]} Bxe1 {[%emt 0:21:40]} 16. Bxd8 {[%emt 0:07:06]} Be6 {[%emt 0:02:18]} 17. Rxe1 {[%emt 0:02:24]} Rxd8 {[%emt 0:00:11]} 18. Bxe6 {[%emt 0:00:30]} fxe6 {[%emt 0:00:03]} 19. Rxe6 {[%emt 0:00:12]} Rc8 {[%emt 0:00:03]} 20. Re2 {[%emt 0:02:05]} Rc5 {[%emt 0:00:03]} 21. f4 {[%emt 0:05:25]} Kf7 {[%emt 0:02:51]} 22. Kf2 {[%emt 0:04:29]} Kf6 {[%emt 0:02:39]} 23. Kf3 {[%emt 0:01:11]} Rb5 {[%emt 0:01:06]} 24. c4 {[%emt 0:11:01]} dxc3 {[%emt 0:05:34]} 25. bxc3 {[%emt 0:00:07]} Rb1 {[%emt 0:04:10]} 26. Ke4 {[%emt 0:05:20]} Ke6 {[%emt 0:03:25]} 27. c4 {[%emt 0:04:24]} Rb4 {[%emt 0:07:49]} 28. d4 {[%emt 0:01:49]} Kd6 {[%emt 0:10:21]} 29. Kd3 Ra4 {[%emt 0:04:49]} 30. c5+ {[%emt 0:10:39]} Kd5 {[%emt 0:00:34]} 31. Re5+ {[%emt 0:01:21]} Kc6 {[%emt 0:00:04]} 32. Re6+ {[%emt 0:01:51]} Kd7 {[%emt 0:00:44]} 33. Rb6 {[%emt 0:00:28]} Kc7 {[%emt 0:00:26]} 34. Rb2 {[%emt 0:00:40]} Ra3+ {[%emt 0:01:05]} 35. Ke4 {[%emt 0:00:29]} Rc3 {[%emt 0:02:03]} 36. g4 {[%emt 0:02:13]} a5 {[%emt 0:00:41]} 37. f5 {[%emt 0:06:13]} h6 {[%emt 0:00:06]} 38. Rb6 {[%emt 0:03:47]} Ra3 {[%emt 0:02:00]} 39. Rg6 {[%emt 0:01:01]} Rxa2 {[%emt 0:00:13]} 40. Rxg7+ {[%emt 0:02:40]} 1-0

[Event "Top 12 FRA-chT 2017"]
[Site "Chartres"]
[Date "2017.05.22"]
[Round "5"]
[White "Barbini, Denis"]
[Black "Marcelin, Cyril"]
[Result "0-1"]
[WhiteElo "2101"]
[BlackElo "2472"]
[Annotator "TA"]
[PlyCount "72"]
[EventDate "2017.??.??"]
[EventType "team-tourn"]
[EventCountry "FRA"]
[SourceTitle "playchess.com"]
[Source "ChessBase"]
[SourceQuality "1"]
[WhiteTeam "Lisieux"]
[BlackTeam "Saint Quentin"]

{[%evp 13,72,-29,24,-16,5,-2,1,-2,18,8,14,-4,-1,-15,-12,-46,3,-1,-4,2,13,-29,-21,-46,-4,-58,-28,-14,-26,-363,-357,-349,-335,-347,-308,-337,-362,-775,-775,-769,-749,-733,-697,-836,-817,-769,-464,-449,-401,-372,-192,-594,-587,-594,-594,-589,-577,-584,-575,-672,-657]} 1. Nf3 g6 2. g3 Bg7 3. Bg2 e5 4. d3 Ne7 5. O-O O-O 6. c4 c6 7. Nc3 d6 {LiveBook: 10 Games} (7... d5 $142) 8. Qc2 {A21: English Opening: 1...e5 2 Nc3} (8. Rb1 d5 9. cxd5 cxd5 10. d4 Bf5 11. e4 dxe4 12. Nxe5 Nbc6 13. Nxc6 bxc6 14. Nxe4 Qxd4 15. Be3 Qxd1 16. Rfxd1 {0-1 (46) Cox,J (2367)-McNab,C (2472) Coulsdon 2009}) 8... h6 9. b3 f5 $146 ({Predecessor:} 9... Nd7 10. Ba3 Nc5 11. Bxc5 dxc5 12. Rad1 Qc7 13. Na4 b6 14. h3 Be6 15. a3 f5 {0-1 (41) Habibi,A (2310)-Neuschmied,S (2230) Zuerich 1993}) 10. e3 {The position is equal.} g5 11. Bb2 Ng6 12. Ne2 Nd7 13. b4 Nf6 14. b5 c5 15. Nd2 h5 {[%cal Bh6h5,Bh5h4,Bh4g3,Bg3h2][%mdl 32]} 16. d4 e4 17. Rad1 {[#] aiming for dxc5.} Qe7 18. Nc3 Be6 19. Rfe1 (19. f3 $11) 19... h4 $15 20. f3 {[%cal Rf3e4]} hxg3 21. fxe4 $2 {[%mdl 8192]} (21. hxg3 $11 {and White has nothing to worry.} Nh5 22. g4) 21... gxh2+ $19 22. Kh1 Ng4 23. Nf1 fxe4 ({Inferior is} 23... Bxc4 24. exf5 Nh4 25. Nd5 $11) 24. Rd2 Nh4 ({Don't do} 24... Bxc4 25. dxc5 Bxf1 26. Rxf1 $19) 25. Nxh2 $2 (25. Nxe4 Rxf1+ 26. Rxf1 Nxe3 27. Qb1 Nxf1 28. Qxf1) 25... Nxh2 26. Kxh2 Nf3+ 27. Bxf3 exf3 28. Qe4 Qf7 {Threatens to win with ...f2.} 29. Kg3 Rae8 30. Rh1 {[%csl Gh1][%cal Re4h7]} Bh3 31. Qd5 g4 (31... Rxe3 $142 32. Qxf7+ Kxf7) 32. Nd1 $2 (32. Qxf7+ Rxf7 33. Nd5) 32... Qxd5 {Black is clearly winning.} 33. cxd5 cxd4 34. Bxd4 Bxd4 35. Rxd4 {[#]} f2 $1 {[%cal Rf2f1][%mdl 512]} 36. Nxf2 Rxe3+ {Precision: White = 26%, Black = 61%.} 0-1

[Event "Top 12 FRA-chT 2017"]
[Site "Chartres"]
[Date "2017.05.22"]
[Round "5"]
[White "Marchadour, Emilie"]
[Black "Leconte, Maria"]
[Result "0-1"]
[WhiteElo "2097"]
[BlackElo "2174"]
[Annotator "TA"]
[PlyCount "112"]
[EventDate "2017.??.??"]
[EventType "team-tourn"]
[EventCountry "FRA"]
[SourceTitle "playchess.com"]
[Source "ChessBase"]
[SourceQuality "1"]
[WhiteTeam "Lisieux"]
[BlackTeam "Saint Quentin"]

{[%evp 22,112,20,15,53,42,47,0,48,20,23,27,22,14,45,1,154,-11,0,-16,189,196,202,-46,-66,-96,-109,-90,-96,-85,-1,-162,-154,-227,-164,-179,-136,-211,-224,-178,-119,-124,14,0,0,0,0,0,0,0,0,-105,-90,-94,-93,-163,-165,-200,-186,-227,-168,-270,-266,-327,-314,-300,-295,-597,-599,-579,-533,-687,-672,-947,-983,-2211,-2509,-1757,-1585,-4898,-4811,-2522,-2391,-2693,-783,-2622,-1888,-29979,-1962,-29983,-29984,-29991,-29992]} 1. e4 c5 2. Nf3 Nc6 3. d4 cxd4 4. Nxd4 Qb6 5. Nb3 Nf6 6. Nc3 e6 7. Be3 Qc7 8. Bd3 a6 9. O-O Be7 10. f4 d6 11. a4 b6 12. Qf3 {LiveBook: 40 Games} h5 {B33: Sicilian: Pelikan and Sveshnikov Variations} (12... Bb7 13. Qh3 Na5 14. Nxa5 bxa5 15. Kh1 d5 16. exd5 Nxd5 17. Nxd5 Bxd5 18. Bd4 Bf6 19. Qe3 Bxd4 20. Qxd4 O-O 21. Be4 {0-1 (33) Sandhoefner,F (2333)-Shengelia,D (2572) Pinkafeld 2015}) 13. e5 $146 ({Predecessor:} 13. Rae1 Nb4 14. Nd2 Ng4 15. Nc4 Nxe3 16. Nxe3 Bb7 17. Qh3 Rh6 18. f5 Bg5 19. Qg3 Bf6 {½-½ (19) Svane,R (2157)-Carow,J (1939) Oberhof 2010}) 13... Ng4 14. Be4 d5 {The position is equal.} 15. Bxd5 $1 exd5 16. Nxd5 Qb7 17. Bxb6 Bd8 18. a5 Ne7 $2 (18... Be6 $1 $11 19. Nc5 Bxd5 20. Nxb7 Bxf3) 19. Bxd8 $2 (19. Nc5 $1 $16 {[%cal Rc5b7]} Bxb6 20. Nxb6) 19... Nxd5 $11 20. Nc5 $1 {[%cal Rc5b7]} Qb5 $2 (20... Qc6 $11 21. Bb6 Nge3) 21. Qxd5 $18 Bb7 22. Qd6 $2 ({Only move:} 22. c4 $18 {aiming for Qd6.} Bxd5 23. cxb5 Rxd8 24. Nxa6) 22... Rxd8 $15 23. Nxb7 Qxb7 24. Qb6 Qd5 {Hoping for ...Rh6.} 25. e6 fxe6 (25... Rh6 $17 26. c4 Qd4+ 27. Qxd4 Rxd4 28. exf7+ Kxf7) 26. Rae1 $2 {[#]} (26. h3 $11 {and White has nothing to worry.}) 26... Kf7 $1 $19 27. c3 (27. h3 $17 Nf6 28. Rd1) 27... Rd6 28. Qa7+ Kf6 29. f5 (29. h3 $17 Ra8 30. Qc7) 29... e5 30. h3 {[#]} Nh6 ({Inferior is} 30... Qxa5 31. hxg4 hxg4 32. Re4 $11) (30... Ra8 $1 $19 {[%cal Ra8a7]} 31. Qc7 Nh6) 31. Qf2 $17 Qc4 (31... Qxa5 $17 32. Kh1 Kf7 33. Qa7+ Kg8) 32. Qg3 (32. Rxe5 $5 {[%cal Rf2a7]} Rhd8 33. Rc5 Qxf1+ 34. Qxf1 $14) 32... Nf7 33. Qg6+ Ke7 34. Qxg7 {Black must now prevent Rxe5+.} Qc5+ 35. Kh1 Rf6 36. Qg3 (36. b4 $11 Qc7 37. c4) 36... Qxa5 37. Qf3 Qb6 38. Qd5 (38. Re4 $17) 38... Rd8 $19 39. Qc4 Rd2 40. Re2 Qxb2 41. Qc7+ (41. Qc5+ {is a better defense.} Kd7 42. Rxd2+ Qxd2 43. Rb1) 41... Kf8 42. Qc8+ Kg7 43. Rxd2 Qxd2 44. Rf3 $2 (44. Qc4 {is more resistant.}) 44... Qe1+ 45. Kh2 {And now Rg3+ would win.} h4 46. Qc4 e4 47. Rf1 Qg3+ 48. Kh1 Qd3 49. Qxd3 exd3 {[%mdl 4096] Endgame KRN-KR} 50. g4 hxg3 51. Kg2 Rc6 52. Kxg3 Rxc3 (52... Kf6 $142 53. Kf4 Rxc3) 53. Kf4 Kf6 54. Ke4 Ne5 (54... d2 $142 55. Rd1 Ng5+ 56. Kd4 Rc1 57. Rxd2 Nf3+ 58. Kd3 Nxd2 59. h4 Nb1 60. h5 Kxf5 61. h6 Kg6 62. Ke2 Kxh6 63. Kd3 a5 64. Ke4 a4 65. Kd3 a3 66. Ke4 a2 67. Ke5 a1=Q+ 68. Kd5 Qf6 69. Ke4 Rd1 70. Ke3 Re1+ 71. Kd3 Qc3#) 55. Rb1 d2 56. Rb6+ Rc6 {Precision: White = 22%, Black = 52%.} 0-1

[Event "Top 12 FRA-chT 2017"]
[Site "Chartres"]
[Date "2017.05.23"]
[Round "6"]
[White "Navara, David"]
[Black "Kryvoruchko, Yuriy"]
[Result "1/2-1/2"]
[WhiteElo "2739"]
[BlackElo "2714"]
[Annotator "TA"]
[PlyCount "104"]
[EventDate "2017.??.??"]
[EventType "team-tourn"]
[EventCountry "FRA"]
[SourceTitle "playchess.com"]
[Source "ChessBase"]
[SourceQuality "1"]
[WhiteTeam "Mulhouse Philidor"]
[BlackTeam "Grasse Echecs"]

{[%evp 20,104,0,-5,-5,-5,0,-3,0,0,0,0,9,0,0,-6,6,0,0,-8,-8,-13,10,-39,-8,-17,-17,-17,-17,-20,-3,-34,0,0,0,-26,-14,-35,-29,-24,-21,-29,-36,-34,-21,-46,-57,-41,-46,-58,-49,-53,-58,-70,-67,-68,-44,-61,-43,-109,-95,-198,-196,-193,-91,-166,-52,-105,0,0,0,0,0,0,0,0,0,0,0,0,0,0,0,0,0,0,0]} 1. d4 Nf6 2. c4 e6 3. Nc3 Bb4 4. e3 O-O 5. Bd3 d5 6. cxd5 exd5 7. Nge2 Re8 8. O-O Bd6 9. Bd2 {E48: Nimzo-Indian: Rubinstein: 5 Bd3 d5 including 6 Ne2, but excluding 6 a3} Nbd7 {[%cal Bb8d7,Bd7f8,Bf8e6][%mdl 32]} 10. Rc1 a6 11. Ng3 {LiveBook: 6 Games} Nf8 $146 ({Predecessor:} 11... b6 12. Nce2 c5 13. dxc5 bxc5 14. Bc3 Ne5 15. Bb1 Bb7 {0-1 (29) Shimanov,A (2593)-So,W (2760) Las Vegas 2015}) 12. Nf5 Bxf5 13. Bxf5 c6 14. f3 Ne6 15. Be1 c5 (15... g6 $5 {[%cal Rg6f5]} 16. Bc2 c5 $11) 16. Kh1 cxd4 17. exd4 Bf4 18. Bd2 Qd6 19. Ne2 (19. Bxe6 $5 Rxe6 20. g3 Bxd2 21. Qxd2 $11) 19... Bxd2 ({Reject} 19... Bxh2 $6 20. f4 $16) 20. Qxd2 g6 21. Bb1 (21. Bxe6 $5 Rxe6 22. Nf4 $11) 21... Rac8 22. Rxc8 Rxc8 23. f4 Ng7 24. f5 Re8 25. Ng3 Ngh5 (25... Ng4 $5 {[%cal Rg7h5]}) 26. Nxh5 Nxh5 27. Kg1 Nf6 28. h3 Kg7 29. Bd3 Qg3 (29... Qb6 $5 {[%cal Rb6d4]} 30. Qf4 Nh5 $15) 30. fxg6 hxg6 31. Qf2 Qd6 32. Be2 Re7 33. Bf3 Ne4 $36 {[%mdl 2048] Black is pushing.} 34. Bxe4 dxe4 $15 {[%mdl 4096] Endgame KQR-KQR} 35. Qe3 Qd5 36. a3 Rd7 37. Rd1 f5 38. h4 Qd6 39. d5 (39. b4 $15) 39... Qe5 $17 40. Qb6 (40. Qc3 $17 Qxc3 41. bxc3) 40... e3 $19 41. Qd4 Kf6 (41... Qxd4 $19 {is more deadly.} 42. Rxd4 Kf6) 42. Qb4 {[#]} (42. Qb6+ $17 {might work better.} Rd6 43. Qc5) 42... Kf7 ({Stronger than} 42... Rxd5 43. Qf8+ Ke6 44. Rc1 $11) (42... g5 $1 $19 {And now ...gxh4 would win.} 43. h5 g4) 43. d6 (43. Qc3 $1 $15 e2 44. Re1 Qxc3 45. bxc3) 43... Qg3 ({Better is} 43... e2 $17 44. Qc4+ Kg7) 44. Qc4+ $11 {The position is equal.} Kg7 {Hoping for ...Qf2+.} 45. Qe6 $1 {[%cal Re6d7]} Qf2+ 46. Kh1 Qxh4+ 47. Kg1 Qf2+ 48. Kh1 e2 49. Qxd7+ Kh6 50. Ra1 Qh4+ 51. Kg1 Qd4+ 52. Kh2 {[#] aiming for Qe7.} Qh4+ {Precision: White = 59%, Black = 51%.} (52... e1=R $5 53. Rxe1 Qh4+ 54. Kg1 Qxe1+ 55. Kh2 Qh4+ 56. Kg1 Qe1+ 57. Kh2 Qh4+ 58. Kg1 Qe1+ $11) 1/2-1/2